Pokémon by Type by Generation - Statistics

General Stats
  • This quiz has been taken 106 times
  • The average score is 121 of 162
Answer Stats
Generation Type Pokémon % Correct
Gen I Normal
98%
Gen I Fire
96%
Gen I Electric
96%
Gen I Flying
96%
Gen I Dragon
94%
Gen II Fire
92%
Gen I Water
92%
Gen I Ground
92%
Gen I Grass
90%
Gen I Ice
90%
Gen I Fighting
90%
Gen I Poison
90%
Gen I Psychic
90%
Gen I Rock
90%
Gen II Normal
88%
Gen I Bug
88%
Gen I Steel
88%
Gen II Fairy
88%
Gen II Water
86%
Gen IV Normal
86%
Gen I Ghost
86%
Gen I Fairy
86%
Gen III Fire
84%
Gen V Normal
84%
Gen V Flying
84%
Gen III Water
82%
Gen IV Water
82%
Gen III Normal
82%
Gen II Electric
82%
Gen II Grass
80%
Gen III Grass
80%
Gen IV Grass
80%
Gen III Fighting
80%
Gen II Flying
80%
Gen III Dark
80%
Gen IV Fire
78%
Gen VII Fire
78%
Gen V Water
78%
Gen V Electric
78%
Gen III Ice
78%
Gen IV Fighting
78%
Gen II Ground
78%
Gen III Ground
78%
Gen III Flying
78%
Gen IV Flying
78%
Gen II Psychic
78%
Gen III Psychic
78%
Gen III Bug
78%
Gen IV Ghost
78%
Gen II Dragon
78%
Gen II Dark
78%
Gen II Steel
78%
Gen IV Steel
78%
Gen V Grass
76%
Gen VII Grass
76%
Gen V Fire
76%
Gen VI Fire
76%
Gen VII Water
76%
Gen VI Normal
76%
Gen III Electric
76%
Gen IV Electric
76%
Gen V Fighting
76%
Gen IV Ground
76%
Gen II Bug
76%
Gen III Rock
76%
Gen II Ghost
76%
Gen III Ghost
76%
Gen III Dragon
76%
Gen IV Dragon
76%
Gen III Steel
76%
Gen VI Grass
75%
Gen VI Water
75%
Gen IV Ice
75%
Gen VII Fighting
75%
Gen II Poison
75%
Gen VI Rock
75%
Gen VII Ghost
75%
Gen V Dragon
75%
Gen I Dark
75%
Gen V Steel
75%
Gen VII Fairy
75%
Gen IX Grass
73%
Gen VIII Fire
73%
Gen IX Fire
73%
Gen IX Water
73%
Gen VIII Normal
73%
Gen IX Normal
73%
Gen VII Electric
73%
Gen II Ice
73%
Gen II Fighting
73%
Gen VI Flying
73%
Gen V Psychic
73%
Gen V Bug
73%
Gen IV Rock
73%
Gen V Rock
73%
Gen V Dark
73%
Gen VII Dark
73%
Gen VIII Grass
71%
Gen VII Normal
71%
Gen VIII Electric
71%
Gen V Ice
71%
Gen VI Ice
71%
Gen IX Fighting
71%
Gen VI Dragon
71%
Gen VII Dragon
71%
Gen VIII Dragon
71%
Gen IV Dark
71%
Gen VI Dark
71%
Gen VIII Dark
71%
Gen IX Dark
71%
Gen VIII Steel
71%
Gen IX Steel
71%
Gen III Fairy
71%
Gen VIII Fairy
71%
Gen VIII Water
69%
Gen VI Electric
69%
Gen IX Electric
69%
Gen VI Fighting
69%
Gen IV Poison
69%
Gen V Ground
69%
Gen VIII Flying
69%
Gen IV Psychic
69%
Gen VIII Psychic
69%
Gen IV Bug
69%
Gen VII Bug
69%
Gen VIII Bug
69%
Gen II Rock
69%
Gen IX Dragon
69%
Gen VI Fairy
69%
Gen IX Fairy
69%
Gen VIII Fighting
67%
Gen VII Poison
67%
Gen IX Poison
67%
Gen IX Ground
67%
Gen VII Psychic
67%
Gen IX Psychic
67%
Gen V Ghost
67%
Gen VIII Ghost
67%
Gen IX Ghost
67%
Gen VII Steel
67%
Gen IX Ice
65%
Gen III Poison
65%
Gen V Poison
65%
Gen VIII Poison
65%
Gen VII Flying
65%
Gen IX Flying
65%
Gen VI Bug
65%
Gen VI Ghost
65%
Gen VIII Ice
63%
Gen IX Bug
63%
Gen IX Rock
63%
Gen VI Ground
61%
Gen VIII Ground
61%
Gen VI Psychic
61%
Gen VII Rock
61%
Gen VI Steel
59%
Gen IV Fairy
59%
Gen VIII Rock
57%
Gen VII Ground
55%
Gen V Fairy
55%
Gen VII Ice
53%
Gen VI Poison
51%
No matching quizzes found
Score Distribution
Percent of People with Each Score
Percentile by Number Answered
Your Score History
You have not taken this quiz